|
|
|
|
| LEADER |
00618nab a2200193Ia 4500 |
| 008 |
170811c99999999xx |||||||||||| ||und|| |
| 100 |
|
|
|a Mohlomi Masooa And Chitja Twala
|
| 245 |
|
|
|a Cultural protocols and behavioural patterns in
|
| 300 |
|
|
|a 387-394
|
| 653 |
|
|
|a Ethnic groups
|
| 653 |
|
|
|a Motouleng Mautse
|
| 653 |
|
|
|a Nkokomohi
|
| 653 |
|
|
|a Pilgrimage
|
| 653 |
|
|
|a South sothos
|
| 653 |
|
|
|a Culture
|
| 773 |
|
|
|t Anthropologist
|g Vol. 17 No. 2 (March) 2014
|
| 942 |
|
|
|c ART
|
| 999 |
|
|
|c 182295
|d 182295
|
| 952 |
|
|
|0 0
|1 0
|4 0
|7 0
|9 248143
|a LIB
|b LIB
|d 2017-08-13
|h Vol. 17 No. 2 (March) 2014
|r 2017-08-13
|w 2017-08-13
|y ART
|